<?xml version="1.0" encoding="UTF-8"?>
<collection xmlns="http://www.loc.gov/MARC21/slim">
 <record>
  <leader>01608nam a2200241 a 4500</leader>
  <controlfield tag="001">1/45884</controlfield>
  <controlfield tag="008">141003s2015    lu d         n000 0 gre d</controlfield>
  <datafield tag="020" ind1=" " ind2=" ">
   <subfield code="a">9789287220714</subfield>
  </datafield>
  <datafield tag="022" ind1="0" ind2=" ">
   <subfield code="a">1831-0826</subfield>
  </datafield>
  <datafield tag="035" ind1=" " ind2=" ">
   <subfield code="l">48854</subfield>
  </datafield>
  <datafield tag="040" ind1=" " ind2=" ">
   <subfield code="a">GR-PeUP</subfield>
  </datafield>
  <datafield tag="082" ind1="0" ind2="0">
   <subfield code="a">ΚΕΤ 331.341 37 ΠΡΟ</subfield>
  </datafield>
  <datafield tag="245" ind1="0" ind2="0">
   <subfield code="a">Πρόγραμμα της ΕΕ &quot;Εγγυήσεις για τη νεολαία &quot;: τα πρώτα βήματα έγιναν, ωστόσο διαφαίνονται κίνδυνοι στο επίπεδο της υλοποίησης :</subfield>
   <subfield code="b">(υποβαλλόμενη δυνάμει του άρθρου 287, παράγραφος 4, δεύτερο εδάφιο, ΣΛΕΕ) /</subfield>
   <subfield code="c">Ευρωπαϊκό Ελεγκτικό Συνέδριο.</subfield>
  </datafield>
  <datafield tag="260" ind1=" " ind2=" ">
   <subfield code="a">Λουξεμβούργο :</subfield>
   <subfield code="b">Υπηρεσία Εκδόσεων της Ευρωπαϊκής Ένωσης ,</subfield>
   <subfield code="c">2015.</subfield>
  </datafield>
  <datafield tag="300" ind1=" " ind2=" ">
   <subfield code="a">48 σ. :</subfield>
   <subfield code="b">πιν. ;</subfield>
   <subfield code="c">30 εκ.</subfield>
  </datafield>
  <datafield tag="490" ind1="1" ind2=" ">
   <subfield code="a">Ευρωπαϊκό Ελεγκτικό Συνέδριο. Ειδική έκθεση ;</subfield>
  </datafield>
  <datafield tag="650" ind1=" " ind2="4">
   <subfield code="a">Νεολαία</subfield>
   <subfield code="x">Επαγγελματική απασχόληση</subfield>
   <subfield code="z">Ευρώπη.</subfield>
  </datafield>
  <datafield tag="650" ind1=" " ind2="4">
   <subfield code="a">Ανεργία</subfield>
   <subfield code="z">Ευρώπη.</subfield>
  </datafield>
  <datafield tag="710" ind1="2" ind2=" ">
   <subfield code="a">Ευρωπαϊκό Ελεγκτικό Συνέδριο.</subfield>
  </datafield>
  <datafield tag="830" ind1=" " ind2=" ">
   <subfield code="a">Ευρωπαϊκό Ελεγκτικό Συνέδριο. Ειδική έκθεση ;</subfield>
   <subfield code="v">03; 2015.</subfield>
  </datafield>
  <datafield tag="852" ind1=" " ind2=" ">
   <subfield code="a">INST</subfield>
   <subfield code="b">UNIPILB</subfield>
   <subfield code="c">KET</subfield>
   <subfield code="e">20200921</subfield>
   <subfield code="h">ΚΕΤ 331.341 37 ΠΡΟ</subfield>
   <subfield code="p">ket48854</subfield>
   <subfield code="q">ket48854</subfield>
   <subfield code="t">ONLINE</subfield>
   <subfield code="y">0</subfield>
  </datafield>
  <datafield tag="856" ind1="4" ind2="1">
   <subfield code="u">http://dx.doi.org/10.2865/71277</subfield>
  </datafield>
  <datafield tag="856" ind1="7" ind2="8">
   <subfield code="2">https://www.eca.europa.eu/Lists/ECADocuments/SR15_03/SR15_03_EL.pdf</subfield>
  </datafield>
 </record>
</collection>
